00734nam a2200181 a 4500001001000000003000900010005001700019008003200036040002400068082002000092245014400112260008300256300004500339650004000384650003000424700004100454710005700495000040518DO-SdBNP20210607112204.0130829s2009 dr 000 0 spa d aBPMSU bspacBPMSU  aR300bD598o22200aDirectorio :borganizaciones sociales de desarrollo en la República Dominicana /ccoordinado por Ricardo González Camacho ... [y otros] aSanto Domingo :bPrograma de Iniciativas Locales de la Sociedad Civil,c[200?] a191 p. :bil., retrs., gráf. ;c22 cm. 4aDirectorioszRepública Dominicana 4aAsociacionesvDirectorios1 aGonzález Camacho,Ricardo ecoord. 2 aPrograma de Iniciativas Locales de la Sociedad Civil